Οι βιομηχανικές περιοχές και η βιομηχανική περιφερειακή πολιτική στην Ελλάδα
Αποθηκεύτηκε σε:
| Κύριος συγγραφέας: | |
|---|---|
| Μορφή: | Βιβλίο |
| Γλώσσα: | Greek |
| Δημοσίευση: |
Αθήνα :
Ελληνική Τράπεζα Βιομηχανικής Αναπτύξεως ,
1988.
|
| Θέματα: | |
| Ετικέτες: |
Προσθήκη ετικέτας
Δεν υπάρχουν, Καταχωρήστε ετικέτα πρώτοι!
|
MARC
| LEADER | 00000cam a2200000 i 4500 | ||
|---|---|---|---|
| 001 | 1/24127 | ||
| 008 | 950330s1988 gr | ||| |||| ||gre|| | ||
| 035 | |l 10022225 | ||
| 040 | |a GR-MyUa |b gre |e AACR2 | ||
| 041 | 0 | |a gre | |
| 082 | 7 | |a 338.09495 |2 (22) | |
| 100 | 1 | |a Βλιάμος, Σπύρος Ι. | |
| 245 | 1 | 3 | |a Οι βιομηχανικές περιοχές και η βιομηχανική περιφερειακή πολιτική στην Ελλάδα / |c Σπύρος Ι. Βλιάμος. |
| 260 | |a Αθήνα : |b Ελληνική Τράπεζα Βιομηχανικής Αναπτύξεως , |c 1988. | ||
| 300 | |a 220 σ. ; |c 24 εκ. | ||
| 650 | 0 | |a Industrial policy |z Greece. | |
| 650 | 0 | |a Industries |z Greece. | |
| 852 | |a INST |b CHIOS |e 19950330 |h 338.09495 ΒΛΙ |p 005200002074 |q 005200002074 |t BK |y 0 | ||
| 852 | |a INST |b CHIOS |e 19950330 |h 338.09495 ΒΛΙ |p 005200002075 |q 005200002075 |t BK |y 0 | ||
| 852 | |a INST |b CHIOS |e 19950330 |h 338.09495 ΒΛΙ |p 005200002076 |q 005200002076 |t BK |y 0 | ||
| 852 | |a INST |b CHIOS |e 19950330 |h 338.09495 ΒΛΙ |p 005200002077 |q 005200002077 |t BK |y 0 | ||
| 852 | |a INST |b CHIOS |e 19960724 |h 338.09495 ΒΛΙ |p 005200008893 |q 005200008893 |t BK |y 0 | ||
| 852 | |a INST |b CHIOS |e 19960724 |h 338.09495 ΒΛΙ |p 005200008894 |q 005200008894 |t BK |y 0 | ||
| 852 | |a INST |b LESVOS |e 19950510 |h 338.9495 ΒΛΙ |p 005100001130 |q 005100001130 |t BK |y 0 | ||
| 922 | |a 1ΔΩΡ |b 198910 | ||